000 004800000a22001810004500
003 MACL
005 20150902161441.0
008 150902b xxu||||| |||| 00| 0 eng d
040 _aMACL
_cMACL
041 _aEnglish
082 _a800/LUT
100 _aLuther, Narendra
_98725
245 _aPrince Poet Lover Builder
_bMuhammad Quli Qutb Shah The Founder of Hydrabad
260 _aNew Delhi
_bDivision
_c1991
350 _a55
650 _aLiterature
_98726
942 _cBK
_k800
_2ddc
999 _c3952
_d3952